[Event "Bremer Silvester Open 2019"]
[Site "Bremen"]
[Date "2019.12.30"]
[Round "7.3"]
[White "Reuker, Jari"]
[Black "Reuker, Matthias"]
[Result "1-0"]
[WhiteElo "2383"]
[BlackElo "2016"]
[Annotator "NA"]
[PlyCount "76"]
[EventDate "2019.12.27"]
[EventType "swiss"]
[EventCountry "GER"]
[SourceTitle "playchess.com"]
[Source "ChessBase"]
[SourceQuality "1"]
[TimeControl "40/5400+30:1800+30"]

1. g3 {[%emt 0:00:00]} e5 {[%emt 0:00:00]} 2. c4 {[%emt 0:02:13]} Nc6 {[%emt 0:01:07]} 3. Bg2 {[%emt 0:00:24]} f5 {[%emt 0:01:27]} 4. Nc3 {[%emt 0:00:22]} Nf6 {[%emt 0:00:08]} 5. e3 {[%emt 0:00:57]} e4 {[%emt 0:05:32]} 6. d3 {[%emt 0:03:58]} Bb4 {[%emt 0:00:45]} 7. dxe4 {[%emt 0:11:26]} (7. Nge2 $14) 7... Bxc3+ $1 {[%emt 0:02:47]} 8. bxc3 {[%emt 0:00:03]} fxe4 $17 {[%emt 0:00:08]} 9. Nh3 {[%emt 0:30:59]} d6 {[%emt 0:02:36]} 10. Nf4 {[%emt 0:02:52]} Ne5 {[%emt 0:04:00]} 11. O-O {[%emt 0:01:41]} Bg4 {[%emt 0:14:24]} 12. Qb3 {[%emt 0:00:49]} g5 {[%emt 0:01:47]} 13. Nd5 {[%emt 0:01:48]} Bf3 {[%emt 0:08:38]} 14. Qxb7 {[%emt 0:02:12]} O-O {[%emt 0:02:42]} 15. Qxc7 {[%emt 0:02:10]} Qxc7 {[%emt 0:16:46]} 16. Nxc7 {[%emt 0:00:03]} Rac8 {[%emt 0:00:06]} 17. Ne6 {[%emt 0:00:21]} Bxg2 {[%emt 0:00:42]} 18. Kxg2 {[%emt 0:00:13]} Rfe8 {[%emt 0:00:04]} 19. Nxg5 {[%emt 0:00:59]} Rxc4 {[%emt 0:02:19]} 20. Ba3 {[%emt 0:11:00]} Rc6 {[%emt 0:09:46]} 21. Rfd1 {[%emt 0:03:30]} Nc4 {[%emt 0:00:10]} 22. Bc1 {[%emt 0:00:06]} Ne5 {[%emt 0:06:18]} 23. Ba3 {[%emt 0:02:03]} Nc4 {[%emt 0:00:15]} 24. Bc1 {[%emt 0:00:04]} Ne5 {[%emt 0:00:02]} 25. Rd4 {[%emt 0:12:50]} Nd3 {[%emt 0:00:25]} 26. Nxe4 {[%emt 0:01:35]} Nxe4 {[%emt 0:02:21]} 27. Rxd3 {[%emt 0:00:10]} Rf8 {[%emt 0:00:06]} 28. f3 {[%emt 0:01:59]} Nxc3 {[%emt 0:00:04]} 29. Bd2 {[%emt 0:00:51]} Rfc8 {[%emt 0:03:13]} 30. Bxc3 {[%emt 0:01:14]} Rxc3 {[%emt 0:00:06]} 31. Rxc3 {[%emt 0:00:43]} Rxc3 {[%emt 0:00:04]} 32. e4 {[%emt 0:00:21]} Ra3 {[%emt 0:01:40]} 33. g4 {[%emt 0:01:43]} Kf7 {[%emt 0:01:08]} 34. Kg3 {[%emt 0:00:05]} Kg6 {[%emt 0:02:42]} 35. h4 {[%emt 0:00:51]} Kf6 {[%emt 0:00:21]} 36. Rd1 {[%emt 0:00:26]} Ke5 {[%emt 0:00:30]} 37. Rd5+ {[%emt 0:00:14]} Ke6 {[%emt 0:00:13]} 38. Rd2 {[%emt 0:00:07]} Ke5 {[%emt 0:00:32]} 1-0

[Event "Bremer Silvester Open 2019"]
[Site "Bremen"]
[Date "2019.12.30"]
[Round "7.4"]
[White "Koerber, Uwe"]
[Black "Wachinger, David"]
[Result "0-1"]
[WhiteElo "1762"]
[BlackElo "2105"]
[Annotator "NA"]
[PlyCount "64"]
[EventDate "2019.12.27"]
[EventType "swiss"]
[EventCountry "GER"]
[SourceTitle "playchess.com"]
[Source "ChessBase"]
[SourceQuality "1"]
[TimeControl "40/5400+30:1800+30"]

1. e4 {[%emt 0:00:00]} c5 {[%emt 0:00:00]} 2. Nc3 {[%emt 0:00:03]} d6 {[%emt 0:00:00]} 3. f4 {[%emt 0:00:38]} Nc6 {[%emt 0:00:32]} 4. Bc4 {[%emt 0:05:45]} g6 {[%emt 0:00:40]} 5. Nf3 {[%emt 0:00:17]} e6 {[%emt 0:03:07]} 6. a4 {[%emt 0:01:53]} (6. d4 $11) 6... Bg7 {[%emt 0:00:20]} 7. O-O {[%emt 0:00:48]} Nge7 {[%emt 0:00:15]} 8. Qe1 {[%emt 0:01:59]} O-O {[%emt 0:00:52]} 9. d3 {[%emt 0:01:16]} d5 {[%emt 0:08:03]} 10. Ba2 {[%emt 0:03:37]} Nb4 {[%emt 0:01:57]} 11. Bb1 {[%emt 0:05:43]} dxe4 {[%emt 0:02:07]} 12. dxe4 {[%emt 0:01:03]} b6 {[%emt 0:02:47]} 13. Kh1 {[%emt 0:06:10]} Bb7 {[%emt 0:03:36]} 14. Qe2 {[%emt 0:03:49]} a6 {[%emt 0:07:08]} 15. Nd1 {[%emt 0:04:36]} Qc7 {[%emt 0:04:11]} 16. c3 {[%emt 0:03:27]} Nbc6 $11 {[%emt 0:00:09]} 17. f5 {[%emt 0:13:02]} exf5 {[%emt 0:07:35]} 18. exf5 {[%emt 0:01:15]} Nxf5 {[%emt 0:02:10]} 19. Bxf5 {[%emt 0:00:43]} gxf5 {[%emt 0:00:08]} 20. Nh4 {[%emt 0:03:14]} Ne7 {[%emt 0:18:07]} 21. Bf4 {[%emt 0:07:05]} Qc6 {[%emt 0:00:39]} 22. Qxe7 {[%emt 0:00:18]} Bf6 {[%emt 0:00:42]} 23. Qe2 {[%emt 0:04:53]} Bxh4 {[%emt 0:00:27]} 24. Rf3 {[%emt 0:06:58]} Rfe8 {[%emt 0:04:45]} 25. Ne3 {[%emt 0:04:59]} Re4 {[%emt 0:01:20]} 26. Bg3 {[%emt 0:06:22]} Bg5 {[%emt 0:04:16]} 27. Rg1 {[%emt 0:05:05]} f4 {[%emt 0:11:15]} 28. Rxf4 {[%emt 0:00:11]} Bxf4 {[%emt 0:01:57]} 29. Qg4+ {[%emt 0:00:13]} Qg6 {[%emt 0:00:16]} 30. b3 {[%emt 0:03:56]} Bxg3 {[%emt 0:01:34]} 31. Qxg3 {[%emt 0:01:43]} Qxg3 {[%emt 0:00:12]} 32. hxg3 {[%emt 0:00:03]} Rxe3 {[%emt 0:00:24]} 0-1

[Event "Bremer Silvester Open 2019"]
[Site "Bremen"]
[Date "2019.12.30"]
[Round "7.5"]
[White "Riewe, Gerhard"]
[Black "Lorenzen, Bjoern"]
[Result "1-0"]
[WhiteElo "2101"]
[BlackElo "1946"]
[Annotator "NA"]
[PlyCount "73"]
[EventDate "2019.12.27"]
[EventType "swiss"]
[EventCountry "GER"]
[SourceTitle "playchess.com"]
[Source "ChessBase"]
[SourceQuality "1"]
[TimeControl "40/5400+30:1800+30"]

1. e4 {[%emt 0:00:00]} c6 {[%emt 0:05:47]} 2. d4 {[%emt 0:00:10]} d5 {[%emt 0:00:08]} 3. exd5 {[%emt 0:00:18]} cxd5 {[%emt 0:00:21]} 4. Bd3 {[%emt 0:00:12]} Nc6 {[%emt 0:00:11]} 5. c3 {[%emt 0:00:08]} Qc7 {[%emt 0:00:32]} 6. Bg5 {[%emt 0:04:47]} Nf6 {[%emt 0:01:16]} 7. h3 {[%emt 0:01:43]} Ne4 {[%emt 0:05:34]} 8. Bxe4 {[%emt 0:01:12]} dxe4 {[%emt 0:00:02]} 9. Bh4 {[%emt 0:00:41]} e6 {[%emt 0:18:58]} 10. Bg3 $11 {[%emt 0:03:02]} Qb6 {[%emt 0:04:15]} 11. Qb3 {[%emt 0:02:10]} Qxb3 {[%emt 0:00:44]} 12. axb3 {[%emt 0:00:06]} Be7 {[%emt 0:01:52]} 13. Nd2 {[%emt 0:12:31]} f5 {[%emt 0:03:08]} 14. Nc4 {[%emt 0:02:51]} Bd7 {[%emt 0:07:39]} 15. Ne2 {[%emt 0:03:37]} O-O {[%emt 0:02:02]} 16. O-O {[%emt 0:03:58]} b5 {[%emt 0:04:24]} 17. Ne5 {[%emt 0:01:22]} Nxe5 {[%emt 0:01:36]} 18. Bxe5 {[%emt 0:00:11]} a5 {[%emt 0:00:34]} 19. Ra2 {[%emt 0:02:01]} Bd8 {[%emt 0:00:19]} 20. c4 {[%emt 0:01:36]} Rc8 {[%emt 0:03:30]} 21. c5 {[%emt 0:01:25]} Bc6 {[%emt 0:00:51]} 22. Nf4 {[%emt 0:05:48]} Bd5 {[%emt 0:00:37]} 23. Nxd5 {[%emt 0:01:15]} exd5 {[%emt 0:00:02]} 24. Rc1 {[%emt 0:03:21]} Rc6 {[%emt 0:00:19]} 25. Rc3 {[%emt 0:01:10]} Rf7 {[%emt 0:02:58]} 26. b4 {[%emt 0:01:52]} a4 {[%emt 0:12:18]} 27. b3 {[%emt 0:00:26]} axb3 {[%emt 0:04:44]} 28. Rxb3 {[%emt 0:00:06]} Rd7 {[%emt 0:03:33]} 29. Ra8 {[%emt 0:01:22]} Kf7 {[%emt 0:00:44]} 30. Rba3 {[%emt 0:01:08]} Bg5 {[%emt 0:00:49]} 31. Rb8 {[%emt 0:02:34]} Bf6 {[%emt 0:02:43]} 32. Bxf6 {[%emt 0:00:53]} Rxf6 {[%emt 0:00:34]} 33. Rxb5 {[%emt 0:00:19]} Ke7 {[%emt 0:03:23]} 34. Rb8 {[%emt 0:00:43]} Rf8 {[%emt 0:00:59]} 35. Rxf8 {[%emt 0:03:17]} Kxf8 {[%emt 0:00:01]} 36. b5 {[%emt 0:00:21]} Ke7 {[%emt 0:00:09]} 37. b6 {[%emt 0:00:20]} 1-0

[Event "Bremer Silvester Open 2019"]
[Site "Bremen"]
[Date "2019.12.30"]
[Round "7.6"]
[White "Pienski, Olaf"]
[Black "Jung, Gerald"]
[Result "1/2-1/2"]
[WhiteElo "2001"]
[BlackElo "1918"]
[Annotator "NA"]
[PlyCount "74"]
[EventDate "2019.12.27"]
[EventType "swiss"]
[EventCountry "GER"]
[SourceTitle "playchess.com"]
[Source "ChessBase"]
[SourceQuality "1"]
[TimeControl "40/5400+30:1800+30"]

1. e4 {[%emt 0:00:00]} d6 {[%emt 0:00:00]} 2. d4 {[%emt 0:00:09]} Nd7 {[%emt 0:01:00]} 3. Nf3 {[%emt 0:02:51]} c6 {[%emt 0:00:08]} 4. c4 {[%emt 0:00:55]} h6 {[%emt 0:00:18]} 5. Nc3 {[%emt 0:00:37]} g5 {[%emt 0:00:16]} 6. Be3 {[%emt 0:11:56]} Bg7 {[%emt 0:01:36]} 7. Be2 {[%emt 0:07:53]} Nf8 {[%emt 0:06:30]} 8. Qc2 {[%emt 0:04:50]} Qa5 {[%emt 0:10:56]} 9. Nd2 {[%emt 0:03:28]} a6 $16 {[%emt 0:07:21]} (9... Nf6 $142) 10. Nb3 {[%emt 0:01:26]} Qc7 {[%emt 0:01:13]} 11. O-O-O {[%emt 0:02:54]} Ng6 {[%emt 0:04:53]} 12. g3 {[%emt 0:03:26]} Nf6 {[%emt 0:07:36]} 13. f3 {[%emt 0:03:37]} Bh3 {[%emt 0:15:25]} 14. Rhg1 {[%emt 0:03:03]} g4 {[%emt 0:10:41]} 15. f4 {[%emt 0:01:19]} e5 {[%emt 0:02:15]} 16. dxe5 {[%emt 0:02:13]} dxe5 {[%emt 0:00:07]} 17. f5 {[%emt 0:01:35]} Ne7 {[%emt 0:01:31]} 18. c5 {[%emt 0:02:10]} O-O {[%emt 0:02:22]} 19. Bc4 {[%emt 0:05:44]} Rad8 {[%emt 0:03:02]} 20. Rxd8 {[%emt 0:07:55]} Rxd8 {[%emt 0:00:02]} 21. Nd2 {[%emt 0:01:12]} Qd7 {[%emt 0:04:17]} 22. Qb3 {[%emt 0:02:38]} Ned5 {[%emt 0:00:20]} 23. Bxd5 {[%emt 0:08:14]} cxd5 {[%emt 0:00:11]} 24. Nxd5 {[%emt 0:01:00]} Nxd5 {[%emt 0:00:32]} 25. Qxd5 {[%emt 0:06:37]} Qxd5 {[%emt 0:00:03]} 26. exd5 {[%emt 0:00:12]} Rxd5 {[%emt 0:00:07]} 27. Kc2 {[%emt 0:02:26]} e4 {[%emt 0:02:35]} 28. Nxe4 {[%emt 0:03:48]} Rxf5 {[%emt 0:00:26]} 29. Nd6 {[%emt 0:00:59]} Rf3 {[%emt 0:00:19]} 30. Kd2 {[%emt 0:01:50]} Bf1 {[%emt 0:04:32]} 31. b4 {[%emt 0:02:12]} Bb2 {[%emt 0:02:27]} 32. Nxb7 {[%emt 0:02:00]} Ba3 {[%emt 0:00:19]} 33. Bxh6 {[%emt 0:02:26]} Bxb4+ {[%emt 0:00:01]} 34. Kc1 {[%emt 0:00:24]} Bb5 {[%emt 0:01:45]} 35. Rd1 {[%emt 0:00:49]} Bxc5 {[%emt 0:01:31]} 36. Nxc5 {[%emt 0:00:16]} Rc3+ {[%emt 0:00:02]} 37. Kb2 {[%emt 0:00:16]} Rxc5 {[%emt 0:00:02]} 1/2-1/2